Programa Nacional por una vida sin violencia : 2002-2006 /
Programa promovido por el Instituto Nacional de las Mujeres durante 2002-2006 en contra de la violencia doméstica. Se describen los antecedentes; Marcos conceptual y normativo; Vinculación con el Plan Nacional de Desarrollo (mexicano); Vinculación con el Programa Nacional de Ingualdad de Oportunidad...
Guardat en:
| Autor corporatiu: | |
|---|---|
| Format: | Llibre |
| Idioma: | espanyol |
| Publicat: |
México :
Instituto Nacional de las Mujeres,
2003, c2003
|
| Matèries: | |
| Etiquetes: |
Sense etiquetes, Sigues el primer a etiquetar aquest registre!
|
MARC
| LEADER | 00000nam^a2200000^a^4500 | ||
|---|---|---|---|
| 001 | 000154359 | ||
| 005 | 20250521000000.0 | ||
| 009 | 20260310100351.133 | ||
| 020 | |a 968-5552-07-X | ||
| 037 | |a Acervo ITESO - Biblioteca | ||
| 041 | |a ESP | ||
| 082 | |a 362. 82920972 |b MEX 2002-2006 | ||
| 110 | |a México. |b Instituto Nacional de las Mujeres | ||
| 245 | 1 | 0 | |a Programa Nacional por una vida sin violencia : |b 2002-2006 / |c Instituto Nacional de las Mujeres. |
| 264 | 4 | |a México : |b Instituto Nacional de las Mujeres, |c 2003, c2003 | |
| 300 | |a 55 p. | ||
| 336 | |a texto |b txt |2 rdacontenido | ||
| 337 | |a sin mediación |b n |2 rdamedio | ||
| 338 | |a volumen |b nc |2 rdasoporte | ||
| 520 | |a Programa promovido por el Instituto Nacional de las Mujeres durante 2002-2006 en contra de la violencia doméstica. Se describen los antecedentes; Marcos conceptual y normativo; Vinculación con el Plan Nacional de Desarrollo (mexicano); Vinculación con el Programa Nacional de Ingualdad de Oportunidades y no Discriminación contra las mujeres; Proceso de participación interinstitucional y ciudadana; Diagnóstico y desafíos; Métodos de trabajo y líneas estratégicas de trabajo: prevención, atención, detección, normatividad, comunicación y enlace institucional y con la sociedad civil, subsistema de información y evaluación. | ||
| 649 | |a XX | ||
| 650 | |a Violencia Doméstica - |z México - |x Prevención | ||
| 650 | |a Violencia - |z México - |x Prevención | ||
| 650 | |a Género - |z México | ||
| 650 | |a Relaciones de Pareja - |z México - |x Aspectos Sociales y Culturales | ||
| 650 | |a Relaciones Padres-Hijos - |z México | ||
| 650 | |a Relaciones Familiares - |z México - |x Aspectos Sociales y Culturales | ||
| 650 | |a Relaciones Familiares - |z México - |x Aspectos Psicológicos | ||
| 650 | |a Familia - |z México - |x Condiciones Sociales y Culturales | ||
| 650 | |a Familia - |z México - |x Condiciones Psicológicas | ||
| 650 | |a Sociedad Civil - |z México | ||
| 650 | |a Participación Social - |z México | ||
| 650 | |a Igualdad y Desigualdad - |z México | ||
| 650 | |a Pobreza - |z México | ||
| 650 | |a Prácticas Culturales - |z México | ||
| 650 | |a Vida Privada - |z México - |x Aspectos Sociales y Culturales | ||
| 650 | |a Desarrollo Económico-Social - |z México | ||
| 650 | |a Problemas Sociales - |z México | ||
| 650 | |a Programas Sociales - |z México | ||
| 650 | |a Asistencia Social - |z México | ||
| 650 | |a Salud Pública | ||
| 910 | |a Fondo General | ||
| 920 | |a Impresos - Libros | ||
| 930 | |a Colección General | ||
| 905 | |a 101 | ||
| 901 | |a 0500086126 |b IT1 |c ACC |u 20250521 | ||
| 902 | |a https://opac.biblio.iteso.mx/vufind/Record/000154359 | ||